| 000 | 00677nam a2200217 a 4500 | ||
|---|---|---|---|
| 005 | 20240806064016.0 | ||
| 008 | 090617s2006 mx r 000 0 spa d | ||
| 020 | _a9788431609832 | ||
| 035 | _aUPN01000171242 | ||
| 049 | _aCG | ||
| 050 | 4 |
_aPR4856 _bK5.4 |
|
| 100 | 1 |
_aKipling, Rudyard, _d1864-1936 _928832 |
|
| 245 | 1 | 0 |
_aKim / _cRudyard Kipling ; adapt. Eduardo Alonso ; il. Francisco Solé. |
| 260 |
_aBarcelona, Esp. : _bVicens Vives, _c2006. |
||
| 300 |
_a183 p. : _bil. col. |
||
| 440 | 0 |
_aCucaña. _pAdaptados ; _v38 |
|
| 650 | 4 |
_aLiteratura inglesa _95228 |
|
| 650 | 0 |
_aHistorias de aventuras _94131 |
|
| 650 | 0 |
_aLiteratura juvenil inglesa _912778 |
|
| 905 | _aLibro | ||
| 999 |
_c143347 _d143347 |
||